| 000 | 00839cab a2200217 4500 | ||
|---|---|---|---|
| 001 | ##L135089 | ||
| 008 | 060925n2006 000 0 eng u | ||
| 035 | _a(Sirsi) u135089 | ||
| 041 | 0 | _aeng | |
| 100 | 1 | _aLoney, Nick | |
| 245 | 0 | 0 | _aTailor-made for growth |
| 260 | _c2006 | ||
| 490 | 0 |
_aRegeneration and Renewal _v4 August 2006, 20-23(3) |
|
| 520 | _aReports on the progress of the increasingly sophisticated local regeneration agencies built in industrial towns to attract investment to revive their local economies and restore their urban fabric. Looks at the varied developments in Whitehaven, Doncaster, St Helens. East Lancashire and Nottingham. | ||
| 651 | 4 | _aWHITEHAVEN | |
| 651 | 4 | _aDONCASTER | |
| 651 | 4 | _aST HELENS | |
| 651 | 4 | _aEAST LANCASHIRE | |
| 690 | _aPROPERTY-PROPERTY MANAGEMENT-REGENERATION | ||
| 942 | _n0 | ||
| 999 |
_c77778 _d77778 |
||